Southville International School and Colleges
Your cart is empty.
  • Cart
  • Lists
    Public lists Eva Luna New books Lux_list list_1
    Your lists Log in to create your own lists
  • Log in to your account
  • Your cookies
  • Search history
Southville International School and Colleges
  • Advanced search
  • Recent comments
  • Most popular
  • Libraries

Log in to your account

Log in with GOOGLE


If you do not have an external account, but do have a local account, you can still log in:

  1. Home
  2. MARC view: Rizal and the development of national consciousness :
Normal view MARC view ISBD view

Rizal and the development of national consciousness : (Record no. 293648)

[ view plain ]
MARC details
000 -LEADER
fixed length control field 00821nam a2200253Ia 4500
008 - FIXED-LENGTH DATA ELEMENTS--GENERAL INFORMATION
fixed length control field 160418s9999 xx 000 0 und d
020 ## - INTERNATIONAL STANDARD BOOK NUMBER
International Standard Book Number 978-971-574-103-3
050 ## - LIBRARY OF CONGRESS CALL NUMBER
Classification number FIL DS 675.8
050 ## - LIBRARY OF CONGRESS CALL NUMBER
Item number .R5R66 2006
100 ## - MAIN ENTRY--PERSONAL NAME
Personal name Romero, Ma. Coronas S.
245 ## - TITLE STATEMENT
Title Rizal and the development of national consciousness :
245 ## - TITLE STATEMENT
Remainder of title a textbook for the course on Rizal's life, works, and writings
245 ## - TITLE STATEMENT
Statement of responsibility, etc Ma. Corona S. Romero, Julita R. Sta Romana, Lourdes Y. Santos
250 ## - EDITION STATEMENT
Edition statement 2nd Edition
260 ## - PUBLICATION, DISTRIBUTION, ETC. (IMPRINT)
Place of publication, distribution, etc Quezon City:
260 ## - PUBLICATION, DISTRIBUTION, ETC. (IMPRINT)
Name of publisher, distributor, etc Katha Pub. Co., Inc.,
260 ## - PUBLICATION, DISTRIBUTION, ETC. (IMPRINT)
Date of publication, distribution, etc 2006
300 ## - PHYSICAL DESCRIPTION
Extent 180 pages :
300 ## - PHYSICAL DESCRIPTION
Other physical details illustrations ;
300 ## - PHYSICAL DESCRIPTION
Dimensions 25 cm.
500 ## - GENERAL NOTE
General note Includes bibliographical references and index.
650 ## - SUBJECT ADDED ENTRY--TOPICAL TERM
Topical term or geographic name as entry element Rizal, Jose, 1861-1896.
650 ## - SUBJECT ADDED ENTRY--TOPICAL TERM
General subdivision Heroes -- Philippines -- Biography.
Holdings
Withdrawn status Lost status Damaged status Home library Current library Shelving location Date acquired Cost, normal purchase price Total Checkouts Full call number Barcode Date last seen Price effective from Koha item type
      South Mansfield College South Mansfield College Filipiniana Section 09/19/2006 165.00   FIL DS 675.8 .R5R66 2006 SMC03361 04/18/2016 04/18/2016  

Rizal and the development of national consciousness :

APA

Romero M. C. S., .Rizal and the development of national consciousness. Quezon City: .

Chicago

Romero Ma Coronas S, .Rizal and the development of national consciousness. Quezon City: .

Harvard

Romero M. C. S., .Rizal and the development of national consciousness. Quezon City: .

MLA

Romero Ma Coronas S, .Quezon City: . .

  • Place hold
  • Print
  • Cite
  • Add to your cart (remove)
  • Save record
    BIBTEX Dublin Core MARCXML MARC (non-Unicode/MARC-8) MARC (Unicode/UTF-8) MARC (Unicode/UTF-8, Standard) MODS (XML) RIS
  • More searches
    Search for this title in:
    Other Libraries (WorldCat) Other Databases (Google Scholar) Online Stores (Bookfinder.com) Open Library (openlibrary.org)

Exporting to Dublin Core...

SOUTHVILLE LIBRARY

Southville International School and Colleges Library

1281 Tropical Ave. Cor. Luxembourg St., BF Homes International, Las Pinas City

Tel. No. 8256374 / 252358 Loc. 117/146

Powered by Koha